<?xml version="1.0" encoding="UTF-8"?>
<record
    xmlns:xsi="http://www.w3.org/2001/XMLSchema-instance"
    xsi:schemaLocation="http://www.loc.gov/MARC21/slim http://www.loc.gov/standards/marcxml/schema/MARC21slim.xsd"
    xmlns="http://www.loc.gov/MARC21/slim">

  <leader>01080nam a2200217Ia 4500</leader>
  <controlfield tag="003">Ost</controlfield>
  <controlfield tag="005">20260507075641.0</controlfield>
  <controlfield tag="008">260507s9999||||xx |||||||||||||| ||und||</controlfield>
  <datafield tag="040" ind1=" " ind2=" ">
    <subfield code="c">fsecg</subfield>
  </datafield>
  <datafield tag="041" ind1=" " ind2=" ">
    <subfield code="a">ara</subfield>
  </datafield>
  <datafield tag="082" ind1=" " ind2=" ">
    <subfield code="a">340</subfield>
  </datafield>
  <datafield tag="100" ind1=" " ind2=" ">
    <subfield code="a">&#x645;&#x646;&#x635;&#x648;&#x631;&#x60C; &#x645;&#x62D;&#x645;&#x62F; &#x62D;&#x633;&#x64A;&#x646;</subfield>
    <subfield code="e">&#x645;&#x624;&#x644;&#x641;</subfield>
  </datafield>
  <datafield tag="245" ind1=" " ind2="0">
    <subfield code="a">&#x627;&#x644;&#x645;&#x62F;&#x62E;&#x644; &#x627;&#x644;&#x649; &#x627;&#x644;&#x642;&#x627;&#x646;&#x648;&#x646; :</subfield>
    <subfield code="b">&#x627;&#x644;&#x642;&#x627;&#x639;&#x62F;&#x629; &#x627;&#x644;&#x642;&#x627;&#x646;&#x648;&#x646;&#x64A;&#x629;- &#x646;&#x638;&#x631;&#x64A;&#x629; &#x627;&#x644;&#x62D;&#x642; /</subfield>
    <subfield code="c"> &#x645;&#x62D;&#x645;&#x62F; &#x62D;&#x633;&#x64A;&#x646; &#x645;&#x646;&#x635;&#x648;&#x631;</subfield>
  </datafield>
  <datafield tag="260" ind1=" " ind2=" ">
    <subfield code="a">&#x627;&#x644;&#x625;&#x633;&#x643;&#x646;&#x62F;&#x631;&#x64A;&#x629;: </subfield>
    <subfield code="b">&#x627;&#x644;&#x62F;&#x627;&#x631; &#x627;&#x644;&#x62C;&#x627;&#x645;&#x639;&#x64A;&#x629;, </subfield>
    <subfield code="c">2000</subfield>
  </datafield>
  <datafield tag="300" ind1=" " ind2=" ">
    <subfield code="a">488  &#x635;&#x641;&#x62D;&#x629;&#x61B; </subfield>
    <subfield code="b">&#x625;&#x64A;&#x636;&#x627;&#x62D;&#x627;&#x62A; &#x61B;</subfield>
    <subfield code="c">24 &#x633;&#x645;</subfield>
  </datafield>
  <datafield tag="520" ind1=" " ind2=" ">
    <subfield code="a">&#x645;&#x627;&#x647;&#x64A;&#x629; &#x627;&#x644;&#x62D;&#x642;&#x60C; &#x648;&#x62C;&#x648;&#x62F; &#x627;&#x644;&#x62D;&#x642;&#x60C; &#x645;&#x643;&#x627;&#x646;&#x629; &#x627;&#x644;&#x62D;&#x642; &#x641;&#x64A; &#x627;&#x644;&#x646;&#x638;&#x627;&#x645; &#x627;&#x644;&#x642;&#x627;&#x646;&#x648;&#x646;&#x64A; &#x627;&#x644;&#x645;&#x639;&#x627;&#x635;&#x631;- &#x637;&#x628;&#x627;&#x626;&#x639; &#x627;&#x644;&#x62D;&#x642;&#x648;&#x642; &#x648;&#x62A;&#x642;&#x633;&#x64A;&#x645;&#x627;&#x62A;&#x647;&#x627;&#x60C; &#x623;&#x646;&#x648;&#x627;&#x639; &#x627;&#x644;&#x62D;&#x642;&#x648;&#x642;- &#x627;&#x644;&#x627;&#x634;&#x64A;&#x627;&#x621; &#x645;&#x62D;&#x644; &#x627;&#x644;&#x62D;&#x642;- &#x645;&#x64A;&#x644;&#x627;&#x62F; &#x627;&#x644;&#x62D;&#x642; &#x648;&#x62D;&#x645;&#x627;&#x64A;&#x62A;&#x647;&#x60C; &#x627;&#x644;&#x634;&#x62E;&#x635;&#x64A;&#x629; &#x627;&#x644;&#x642;&#x627;&#x646;&#x648;&#x646;&#x64A;&#x629;&#x60C; &#x627;&#x644;&#x634;&#x62E;&#x635; &#x627;&#x644;&#x645;&#x639;&#x646;&#x648;&#x64A; &#x623;&#x648; &#x627;&#x644;&#x625;&#x639;&#x62A;&#x628;&#x627;&#x631;&#x64A;</subfield>
  </datafield>
  <datafield tag="653" ind1=" " ind2=" ">
    <subfield code="a">&#x627;&#x644;&#x642;&#x627;&#x639;&#x62F;&#x629; &#x627;&#x644;&#x642;&#x627;&#x646;&#x648;&#x646;&#x64A;&#x629;</subfield>
  </datafield>
  <datafield tag="653" ind1=" " ind2=" ">
    <subfield code="a">&#x627;&#x644;&#x642;&#x627;&#x646;&#x648;&#x646;</subfield>
  </datafield>
  <datafield tag="700" ind1=" " ind2=" ">
    <subfield code="a">&#x642;&#x627;&#x633;&#x645;&#x60C; &#x645;&#x62D;&#x645;&#x62F; &#x62D;&#x633;&#x64A;&#x646; </subfield>
    <subfield code="e">&#x645;&#x624;&#x644;&#x641; &#x62B;&#x627;&#x646;&#x648;&#x64A;</subfield>
  </datafield>
  <datafield tag="942" ind1=" " ind2=" ">
    <subfield code="c">&#x643;&#x62A;&#x627;&#x628;</subfield>
  </datafield>
  <datafield tag="952" ind1=" " ind2=" ">
    <subfield code="0">0</subfield>
    <subfield code="1">0</subfield>
    <subfield code="2">ddc</subfield>
    <subfield code="4">0</subfield>
    <subfield code="7">-1</subfield>
    <subfield code="a">fsecg</subfield>
    <subfield code="b">fsecg</subfield>
    <subfield code="d">2026-05-07</subfield>
    <subfield code="h">&#x627;&#x644;&#x637;&#x627;&#x628;&#x642; &#x627;&#x644;&#x623;&#x631;&#x636;&#x64A;</subfield>
    <subfield code="i">912/1</subfield>
    <subfield code="l">0</subfield>
    <subfield code="o">&#x623;/912&#x646;1</subfield>
    <subfield code="p">912/1</subfield>
    <subfield code="r">2026-05-07 07:56:41</subfield>
    <subfield code="w">2026-05-07</subfield>
    <subfield code="y">&#x643;&#x62A;&#x627;&#x628;</subfield>
  </datafield>
  <datafield tag="999" ind1=" " ind2=" ">
    <subfield code="c">45403</subfield>
    <subfield code="d">45403</subfield>
  </datafield>
</record>
